El monje que vendió su ferrari / (Registro nro. 12911)

Detalles MARC
000 -LIDER
fixed length control field 00969nam a22002897a 4500
003 - IDENTIFICACDOR DE NÚMERO DE CONTROL
control field DO-SdBNP
005 - DATE AND TIME OF LATEST TRANSACTION
control field 20241015130032.0
008 - ELEMENTOS DE LONGITUD FIJA
fixed length control field 171116b2005 sp | 00| 0 spa d
020 ## - ISBN
International Standard Book Number 8497593499
040 ## - FUENTE DE CATALOGACIÓN
Agencia que crea de manera original el registro BPMSU
Idioma de catalogación spa
Agencia que realiza la transcripción BPMSU
082 #4 - NÚMERO DE CLASIFICACIÓN DECIMAL DE DEWEY
Classification number 813.54
Item number S531m 2005
Edition number 22
100 1# - ASIENTO PRINCIPAL -- NOMBRE PERSONAL
Nombre personal Sharma, Robin S.
Fechas asociadas con el nombre 1964-
245 13 - MENCIÓN DE TITULO
Título El monje que vendió su ferrari /
Mención de responsabilidad Robin S. Sharma ; traducción Pedro Fontana
Subtítulo
246 14 - VARIACION DEL TÍTULO
Título propiamente dicho o título corto El monje que vendió su ferrari :
Subtítulo una fábula espiritual
250 ## - MENCIÓN DE EDICION
Mención de edición 9a ed.
260 ## - PUBLICACIÓN, DISTRIBUCIÓN, ETC. (PIE DE IMPRENTA)
Lugar de publicación, distribución, etc Barcelona :
Nombre del editor, distribuidor, etc. Litografía Rosés,
Fecha de publicación, distribución, etc 2005.
300 ## - DESCRIPCIÓN FÍSICA
Extensión 209 p. ;
Dimensiones 19 cm.
490 0# - MENCIÓN DE SERIES
Mención de serie !Debos!llo,
Volume/sequential designation 501
534 ## - NOTA SOBRE LA VERSIÓN ORIGINAL
Frase introductoria Título original :
Mención del título original The monk who sold his Ferrari.
590 ## - NOTA LOCAL
Texto de la nota local Inventariado, 2024/VM
650 #4 - ENCABEZAMIENTO DE MATERIA--TEMÁTICO
Término temático o nombre geográfico como elemento de entrada Autorrealización (Psicología)
Subdivisión de forma Novela.
650 #4 - ENCABEZAMIENTO DE MATERIA--TEMÁTICO
Término temático o nombre geográfico como elemento de entrada Conducta (Ética)
Subdivisión de forma Novela.
650 #4 - ENCABEZAMIENTO DE MATERIA--TEMÁTICO
Término temático o nombre geográfico como elemento de entrada Novela didáctica.
700 1# - ASIENTO SECUNDARIO -- NOMBRE PERSONAL
Nombre personal Fontana, Pedro
Materiales especificados traductor.
910 ## - VALIDACIÓN
Validación VMateo V. Control de calidad. BPMSU
942 ## - ADDED ENTRY ELEMENTS (KOHA)
Source of classification or shelving scheme Dewey Decimal Classification
Koha item type Libros
Existencias
Withdrawn status Lost status Source of classification or shelving scheme Damaged status Not for loan Collection code Home library Current library Date acquired Source of acquisition Total Checkouts Full call number Barcode Date last seen Price effective from Koha item type
    Dewey Decimal Classification     Colección General Biblioteca Pública Metropolitana Salomé Ureña Biblioteca Pública Metropolitana Salomé Ureña 11/16/2017 FUNDI   BPMSU CG 813.54 S531m 2005 BPMSU17110219 11/16/2017 11/16/2017 Libros